[Event "DEM U10 2018"]
[Site "Willingen GER"]
[Date "2018.05.25"]
[Round "9"]
[White "Korek, Jakob Alexander"]
[Black "Apel, Linus"]
[Result "1-0"]
[Termination "normal"]
[Board "11"]
[WhiteElo "1517"]
[BlackElo "1283"]
[WhiteClock "00:42:32"]
[BlackClock "00:21:38"]
[PlyCount "106"]
[WhiteFideId "16240022"]
[BlackFideId "16265785"]
[EventCountry "GER"]
[EventRounds "11"]
[EventType "swiss"]
[EventDate "2018.05.19"]

1. e4 {[%clk 1:15:58]} 1... e5 {[%clk 1:15:51]} 2. Nf3 {[%clk 1:16:20]} 2...
Nf6 {[%clk 1:16:11]} 3. Nc3 {[%clk 1:16:40]} 3... Nc6 {[%clk 1:16:25]} 4. d4 {
[%clk 1:16:55]} 4... exd4 {[%clk 1:15:54]} 5. Nxd4 {[%clk 1:17:13]} 5... Be7 {
[%clk 1:13:42]} 6. Nxc6 {[%clk 1:15:32]} 6... dxc6 {[%clk 1:13:30]} 7. Bf4 {
[%clk 1:15:04]} 7... O-O {[%clk 1:12:09]} 8. Qxd8 {[%clk 1:15:06]} 8... Rxd8 {
[%clk 1:11:46]} 9. Bxc7 {[%clk 1:15:08]} 9... Re8 {[%clk 1:12:00]} 10. Bd3 {
[%clk 1:14:46]} 10... Bb4 {[%clk 1:11:52]} 11. f3 {[%clk 1:14:35]} 11... Nd5 {
[%clk 1:10:57]} 12. Bg3 {[%clk 1:11:49]} 12... Nxc3 {[%clk 1:10:48]} 13. bxc3 {
[%clk 1:11:01]} 13... Bxc3+ {[%clk 1:11:06]} 14. Kf2 {[%clk 1:11:18]} 14...
Bxa1 {[%clk 1:10:52]} 15. Rxa1 {[%clk 1:11:41]} 15... Be6 {[%clk 1:10:05]} 16.
a4 {[%clk 1:11:23]} 16... Rad8 {[%clk 1:08:39]} 17. a5 {[%clk 1:09:46]} 17...
Rd7 {[%clk 1:07:18]} 18. Rb1 {[%clk 1:09:27]} 18... f6 {[%clk 1:04:15]} 19. Kf1
{[%clk 1:09:40]} 19... Kh8 {[%clk 0:59:26]} 20. Bf2 {[%clk 1:09:33]} 20... Ra8
{[%clk 0:56:10]} 21. Bc5 {[%clk 1:06:40]} 21... Kg8 {[%clk 0:55:12]} 22. Rb4 {
[%clk 1:03:59]} 22... g6 {[%clk 0:49:56]} 23. g4 {[%clk 1:03:13]} 23... Kf7 {
[%clk 0:49:26]} 24. Ke2 {[%clk 1:02:51]} 24... Kg7 {[%clk 0:45:20]} 25. Ke1 {
[%clk 1:01:21]} 25... a6 {[%clk 0:43:18]} 26. Rb6 {[%clk 1:00:18]} 26... Rf7 {
[%clk 0:41:47]} 27. Bd4 {[%clk 0:59:00]} 27... Rd8 {[%clk 0:40:04]} 28. Rb4 {
[%clk 0:58:36]} 28... Kg8 {[%clk 0:39:23]} 29. Kf2 29... Kf8 {[%clk 0:37:00]}
30. h3 {[%clk 0:56:52]} 30... Kg8 {[%clk 0:33:47]} 31. Kg2 {[%clk 0:56:13]}
31... Kg7 {[%clk 0:33:09]} 32. g5 {[%clk 0:55:51]} 32... Rxd4 {[%clk 0:30:43]}
33. gxf6+ {[%clk 0:55:54]} 33... Rxf6 {[%clk 0:30:27]} 34. Rxd4 {[%clk 0:56:15]
} 34... Kf7 {[%clk 0:28:12]} 35. Rb4 {[%clk 0:55:17]} 35... Bc8 {[%clk 0:28:27]
} 36. h4 {[%clk 0:54:13]} 36... Ke7 {[%clk 0:28:00]} 37. Kg3 {[%clk 0:53:47]}
37... c5 {[%clk 0:27:03]} 38. Rb2 {[%clk 0:53:25]} 38... Rc6 {[%clk 0:26:16]}
39. Bc4 {[%clk 0:52:54]} 39... Kf6 {[%clk 0:26:19]} 40. f4 {[%clk 0:52:39]}
40... Ke7 {[%clk 0:24:42]} 41. Kf3 {[%clk 0:51:05]} 41... Rd6 {[%clk 0:23:58]}
42. Bd5 {[%clk 0:51:14]} 42... Rd7 {[%clk 0:23:23]} 43. c4 {[%clk 0:50:32]}
43... Kd6 {[%clk 0:22:06]} 44. Rb6+ {[%clk 0:49:19]} 44... Kc7 {[%clk 0:22:14]}
45. Be6 {[%clk 0:46:46]} 45... Rd4 {[%clk 0:22:08]} 46. Ke3 {[%clk 0:42:11]}
46... Bxe6 {[%clk 0:21:28]} 47. Rxe6 {[%clk 0:42:35]} 47... Rxc4 { [%clk
0:20:03]} 48. Re7+ {[%clk 0:42:56]} 48... Kb8 {[%clk 0:20:18]} 49. Rxh7 { [%clk
0:42:40]} 49... Rd4 {[%clk 0:20:35]} 50. e5 {[%clk 0:42:52]} 50... Rd8 { [%clk
0:20:47]} 51. e6 {[%clk 0:42:48]} 51... Re8 {[%clk 0:21:11]} 52. e7 { [%clk
0:42:13]} 52... Kc8 {[%clk 0:21:29]} 53. Ke4 {[%clk 0:42:32]} 53... Kd7 { [%clk
0:21:38]} 1-0

[Event "DEM U10 2018"]
[Site "Willingen GER"]
[Date "2018.05.25"]
[Round "9"]
[White "Helms, Finn"]
[Black "Hoppstädter, Daniel"]
[Result "1/2-1/2"]
[Termination "normal"]
[Board "12"]
[WhiteElo "1435"]
[BlackElo "1219"]
[WhiteClock "00:29:33"]
[BlackClock "00:44:11"]
[PlyCount "133"]
[WhiteFideId "16249143"]
[BlackFideId "16243625"]
[EventCountry "GER"]
[EventRounds "11"]
[EventType "swiss"]
[EventDate "2018.05.19"]

1. d4 {[%clk 1:15:57]} 1... c6 {[%clk 1:15:48]} 2. Bf4 {[%clk 1:16:21]} 2...
Qb6 {[%clk 1:16:00]} 3. b3 {[%clk 1:15:56]} 3... d5 {[%clk 1:15:50]} 4. e3 {
[%clk 1:16:13]} 4... Bf5 {[%clk 1:15:45]} 5. c4 {[%clk 1:15:38]} 5... g6 {
[%clk 1:13:27]} 6. Nf3 {[%clk 1:15:42]} 6... Nd7 {[%clk 1:13:32]} 7. Be2 {
[%clk 1:15:54]} 7... Bg7 {[%clk 1:13:04]} 8. Nc3 {[%clk 1:15:51]} 8... Rc8 {
[%clk 1:12:19]} 9. Rc1 {[%clk 1:15:52]} 9... Ngf6 {[%clk 1:11:08]} 10. h3 {
[%clk 1:15:54]} 10... O-O {[%clk 1:10:56]} 11. O-O {[%clk 1:15:52]} 11... Ne4 {
[%clk 1:07:53]} 12. Qe1 {[%clk 1:08:05]} 12... a5 {[%clk 1:01:09]} 13. c5 {
[%clk 1:08:08]} 13... Qa7 {[%clk 0:59:21]} 14. a3 {[%clk 1:06:53]} 14... b6 {
[%clk 0:50:38]} 15. b4 {[%clk 1:06:43]} 15... bxc5 {[%clk 0:49:57]} 16. bxc5 {
[%clk 1:03:10]} 16... Rfe8 {[%clk 0:48:34]} 17. g4 {[%clk 1:00:12]} 17... Nxc3
{[%clk 0:48:50]} 18. Qxc3 {[%clk 1:00:15]} 18... Be4 {[%clk 0:49:02]} 19. Nd2 {
[%clk 0:58:44]} 19... e5 {[%clk 0:47:39]} 20. Nxe4 {[%clk 0:53:08]} 20... exd4
{[%clk 0:47:22]} 21. exd4 {[%clk 0:52:44]} 21... Rxe4 {[%clk 0:47:36]} 22. Be3
{[%clk 0:52:47]} 22... Qc7 {[%clk 0:43:09]} 23. Bf3 {[%clk 0:51:18]} 23... Re7
{[%clk 0:43:18]} 24. Rce1 24... Qa7 {[%clk 0:42:02]} 25. Bf4 {[%clk 0:49:38]}
25... Rxe1 {[%clk 0:41:50]} 26. Rxe1 {[%clk 0:44:46]} 26... Qa6 {[%clk 0:38:50]
} 27. Re7 {[%clk 0:43:43]} 27... Nf8 {[%clk 0:38:36]} 28. Be2 {[%clk 0:43:35]}
28... Qa8 {[%clk 0:38:49]} 29. Qe3 {[%clk 0:40:37]} 29... Ne6 {[%clk 0:39:04]}
30. Be5 {[%clk 0:40:37]} 30... Kf8 {[%clk 0:38:27]} 31. Bd6 {[%clk 0:40:09]}
31... Kg8 {[%clk 0:38:35]} 32. Qf3 {[%clk 0:38:09]} 32... Rf8 {[%clk 0:38:38]}
33. Rd7 {[%clk 0:37:12]} 33... Nxd4 {[%clk 0:38:20]} 34. Qe3 {[%clk 0:36:49]}
34... Nxe2+ {[%clk 0:38:39]} 35. Qxe2 {[%clk 0:37:11]} 35... Qe8 { [%clk
0:38:27]} 36. Qxe8 {[%clk 0:37:07]} 36... Rxe8 {[%clk 0:38:54]} 37. Ra7 { [%clk
0:37:10]} 37... Bc3 {[%clk 0:39:11]} 38. Rc7 {[%clk 0:37:30]} 38... Bb2 { [%clk
0:39:16]} 39. Rxc6 {[%clk 0:37:31]} 39... Bxa3 {[%clk 0:39:31]} 40. Rb6 { [%clk
0:37:22]} 40... d4 {[%clk 0:39:50]} 41. Rb3 {[%clk 0:37:17]} 41... Bb4 { [%clk
0:40:11]} 42. Kg2 {[%clk 0:35:15]} 42... Rc8 {[%clk 0:40:24]} 43. Rd3 { [%clk
0:34:24]} 43... Bxc5 {[%clk 0:40:41]} 44. Bxc5 {[%clk 0:34:48]} 44... Rxc5
{[%clk 0:41:10]} 45. Rxd4 {[%clk 0:35:01]} 45... Kf8 {[%clk 0:41:26]} 46. h4
{[%clk 0:34:58]} 46... Ke7 {[%clk 0:41:39]} 47. Kf3 {[%clk 0:35:21]} 47... h6
{[%clk 0:41:47]} 48. Ke4 {[%clk 0:35:04]} 48... Ke6 {[%clk 0:42:01]} 49. Ra4
{[%clk 0:31:54]} 49... f5+ {[%clk 0:42:15]} 50. gxf5+ {[%clk 0:30:58]} 50...
gxf5+ {[%clk 0:42:36]} 51. Kd4 {[%clk 0:31:03]} 51... Re5 {[%clk 0:42:56]} 52.
f3 {[%clk 0:31:07]} 52... f4 {[%clk 0:41:52]} 53. Ra2 {[%clk 0:28:25]} 53...
Kf6 {[%clk 0:41:43]} 54. Ra4 {[%clk 0:28:35]} 54... Rh5 {[%clk 0:41:05]} 55.
Ke4 {[%clk 0:28:45]} 55... Rb5 {[%clk 0:40:54]} 56. Kxf4 {[%clk 0:27:20]} 56...
Rb4+ {[%clk 0:41:22]} 57. Rxb4 {[%clk 0:27:37]} 57... axb4 {[%clk 0:41:48]} 58.
Ke4 {[%clk 0:27:58]} 58... h5 {[%clk 0:42:05]} 59. Kd4 {[%clk 0:28:18]} 59...
Kf5 {[%clk 0:42:33]} 60. Kc4 {[%clk 0:28:38]} 60... Kf4 {[%clk 0:42:57]} 61.
Kxb4 {[%clk 0:28:23]} 61... Kxf3 {[%clk 0:42:50]} 62. Kc4 {[%clk 0:28:47]}
62... Kg4 {[%clk 0:43:15]} 63. Kd3 {[%clk 0:29:07]} 63... Kxh4 {[%clk 0:43:32]}
64. Ke2 {[%clk 0:29:32]} 64... Kh3 {[%clk 0:43:35]} 65. Kf1 {[%clk 0:29:07]}
65... Kh2 {[%clk 0:43:48]} 66. Kf2 {[%clk 0:29:33]} 66... h4 {[%clk 0:44:11]}
67. Kf1 1/2-1/2

[Event "DEM U10 2018"]
[Site "Willingen GER"]
[Date "2018.05.25"]
[Round "9"]
[White "Kiefhaber, Tobias"]
[Black "Held, Momme Fredrik"]
[Result "0-1"]
[Termination "normal"]
[Board "13"]
[WhiteElo "1551"]
[BlackElo "1674"]
[PlyCount "58"]
[WhiteFideId "16240693"]
[BlackFideId "16237692"]
[EventCountry "GER"]
[EventRounds "11"]
[EventType "swiss"]
[EventDate "2018.05.19"]

1. d4 d5 2. c4 e6 3. Nc3 c6 4. cxd5 exd5 5. Qc2 Bd6 6. Nf3 Ne7 7. Bg5 f6 8. Bh4
Bf5 9. Qd2 O-O 10. e3 Qd7 11. Bd3 Qe6 12. Bg3 Bb4 13. a3 Bxc3 14. Qxc3 Nd7 15.
Nh4 Be4 16. Bxe4 dxe4 17. Qb4 g5 18. Bd6 Nd5 19. Qxb7 Qxd6 20. Nf5 Qe6 21. g4
Rfb8 22. Qa6 Rxb2 23. Qf1 Rab8 24. Rd1 Nc3 25. Qh3 Qc4 26. Ne7+ Kf8 27. Qh6+
Kxe7 28. Qg7+ Ke8 29. Qh8+ Nf8 0-1

[Event "DEM U10 2018"]
[Site "Willingen GER"]
[Date "2018.05.25"]
[Round "9"]
[White "Policarpo, Raphael"]
[Black "Scheerer, Julian"]
[Result "0-1"]
[Termination "normal"]
[Board "14"]
[WhiteElo "1640"]
[BlackElo "1301"]
[PlyCount "132"]
[WhiteFideId "16237676"]
[BlackFideId "16265769"]
[EventCountry "GER"]
[EventRounds "11"]
[EventType "swiss"]
[EventDate "2018.05.19"]

1. e4 e5 2. Nf3 Nc6 3. Bc4 Bc5 4. c3 Nf6 5. d4 exd4 6. e5 d5 7. exf6 dxc4 8.
fxg7 Rg8 9. cxd4 Bxd4 10. O-O Bxg7 11. Qe2+ Qe7 12. Qxc4 Be6 13. Qd3 Qf6 14.
Bg5 Qxb2 15. Nbd2 Qc3 16. Qxh7 Rh8 17. Qb1 Rb8 18. Qe4 Qb4 19. Rab1 Qxe4 20.
Nxe4 Bxa2 21. Nf6+ Bxf6 22. Bxf6 Rh6 23. Bg5 Rg6 24. Rb2 Bd5 25. Re1+ Kf8 26.
Rb5 Bxf3 27. gxf3 f6 28. f4 Nd4 29. Rd5 Nf3+ 30. Kf1 Nxe1 31. Kxe1 fxg5 32.
fxg5 Re6+ 33. Kf1 b5 34. h4 c6 35. Rd7 Re7 36. Rd6 Rh7 37. Rd4 c5 38. Rf4+ Rf7
39. Rg4 Rg7 40. h5 Kg8 41. f4 Rf8 42. g6 Rf6 43. Kf2 b4 44. Ke3 c4 45. Ke4 b3
46. Ke5 b2 47. Rg1 Rb6 48. f5 b1=Q 49. Rxb1 Rxb1 50. h6 Rf1 51. Kf6 Rxg6+ 52.
Kxg6 Rxf5 53. Kxf5 c3 54. Ke4 c2 55. h7+ Kxh7 56. Kd5 c1=Q 57. Kd6 Qc4 58. Ke5
Kg7 59. Kd6 Kf6 60. Kd7 Qe6+ 61. Kc7 Qd5 62. Kb8 Qd7 63. Ka8 Ke6 64. Kb8 Kd6
65. Ka8 Kc6 66. Kb8 Qb7# 0-1

[Event "DEM U10 2018"]
[Site "Willingen GER"]
[Date "2018.05.25"]
[Round "9"]
[White "Bongardt, Livius"]
[Black "Klaska, Philipp Leon"]
[Result "1/2-1/2"]
[Termination "normal"]
[Board "15"]
[WhiteElo "1398"]
[BlackElo "1272"]
[PlyCount "42"]
[WhiteFideId "16265718"]
[BlackFideId "16238044"]
[EventCountry "GER"]
[EventRounds "11"]
[EventType "swiss"]
[EventDate "2018.05.19"]

1. e4 c5 2. d4 cxd4 3. c3 dxc3 4. Nxc3 e6 5. Nf3 Nc6 6. Bc4 Qc7 7. Qe2 Nf6 8.
O-O Ng4 9. Nb5 Qb8 10. h3 Nge5 11. Nxe5 Nxe5 12. f4 Nc6 13. f5 a6 14. Nc3 b5
15. Bb3 Be7 16. Be3 O-O 17. Qg4 Bf6 18. h4 Ne5 19. Qg3 Nd3 20. Qg4 Ne5 21. Qg3
Nd3 1/2-1/2

[Event "DEM U10 2018"]
[Site "Willingen GER"]
[Date "2018.05.25"]
[Round "9"]
[White "Sauer, Tim"]
[Black "Müller, Milo"]
[Result "1-0"]
[Termination "normal"]
[Board "16"]
[WhiteElo "1378"]
[BlackElo "1443"]
[PlyCount "145"]
[WhiteFideId "16265726"]
[BlackFideId "16265700"]
[EventCountry "GER"]
[EventRounds "11"]
[EventType "swiss"]
[EventDate "2018.05.19"]

1. d4 d5 2. Bf4 Nf6 3. e3 c5 4. c3 Nc6 5. Nf3 e6 6. Bd3 Bd6 7. Bg3 Qe7 8. dxc5
Bxc5 9. c4 dxc4 10. Bxc4 O-O 11. O-O Rd8 12. Qe2 Bd6 13. Bh4 Ne5 14. e4 Nxf3+
15. Qxf3 Be5 16. Qe2 Qc7 17. Nc3 Bd7 18. Rac1 Rac8 19. Bb3 Qb6 20. Kh1 Bxc3 21.
bxc3 e5 22. Qf3 Qa6 23. c4 Bg4 24. Qg3 h5 25. h3 Bd7 26. Rfe1 Re8 27. Rcd1 Red8
28. c5 Bb5 29. Rxd8+ Rxd8 30. Qg6 Bc4 31. Bxc4 Qxc4 32. Qg3 Qe6 33. Qf3 Rc8 34.
Bxf6 Qxf6 35. Qxf6 gxf6 36. Rc1 b6 37. c6 Kf8 38. g3 Ke7 39. f4 exf4 40. gxf4
Kd6 41. Kg2 Rxc6 42. Rxc6+ Kxc6 43. Kg3 Kd6 44. Kh4 Ke7 45. Kxh5 Kf8 46. e5
fxe5 47. fxe5 Kg7 48. Kg5 a5 49. a4 b5 50. axb5 a4 51. b6 a3 52. b7 a2 53. b8=Q
a1=Q 54. Qd6 Qg1+ 55. Kh5 Qf2 56. Qh6+ Kg8 57. Qf6 Qe2+ 58. Kh6 Qe3+ 59. Qg5+
Qxg5+ 60. Kxg5 Kg7 61. h4 Kg8 62. Kf6 Kf8 63. h5 Kg8 64. h6 Kh7 65. Kxf7 Kxh6
66. e6 Kg5 67. e7 Kf5 68. e8=Q Kf4 69. Kf6 Kf3 70. Kf5 Kg3 71. Qe3+ Kg2 72. Kg4
Kf1 73. Qd2 1-0

[Event "DEM U10 2018"]
[Site "Willingen GER"]
[Date "2018.05.25"]
[Round "9"]
[White "Itin, Timofey"]
[Black "Krüger, Arthur"]
[Result "0-1"]
[Termination "normal"]
[Board "17"]
[WhiteElo "1298"]
[BlackElo "1549"]
[PlyCount "66"]
[WhiteFideId "16265777"]
[BlackFideId "16244966"]
[EventCountry "GER"]
[EventRounds "11"]
[EventType "swiss"]
[EventDate "2018.05.19"]

1. e4 e5 2. Nf3 Nc6 3. Bb5 a6 4. Ba4 Nf6 5. d3 b5 6. Bb3 Bc5 7. Be3 Bxe3 8.
fxe3 d6 9. Nbd2 O-O 10. O-O Be6 11. d4 Bxb3 12. axb3 Re8 13. Re1 d5 14. exd5
Nxd5 15. Qe2 exd4 16. Nf1 dxe3 17. Qd3 Ncb4 18. Qd1 f5 19. Nxe3 Rxe3 20. Qd2
Rxe1+ 21. Nxe1 Qd6 22. c3 Nc6 23. Rd1 Rd8 24. Nc2 Nf4 25. Qxd6 Rxd6 26. Rf1
Ne2+ 27. Kf2 Rd2 28. Ne3 Nxc3+ 29. Kg1 Ne2+ 30. Kf2 f4 31. Nf5 Ng3+ 32. Ke1
Nxf1 33. Kxf1 Rxb2 0-1

[Event "DEM U10 2018"]
[Site "Willingen GER"]
[Date "2018.05.25"]
[Round "9"]
[White "Weyerer, Noah"]
[Black "Bräutigam, Alexander"]
[Result "0-1"]
[Termination "normal"]
[Board "19"]
[WhiteElo "1263"]
[BlackElo "1323"]
[PlyCount "124"]
[WhiteFideId "16250664"]
[BlackFideId "16245210"]
[EventCountry "GER"]
[EventRounds "11"]
[EventType "swiss"]
[EventDate "2018.05.19"]

1. d4 Nf6 2. Bf4 g6 3. Nc3 Bg7 4. e4 d6 5. Qd2 O-O 6. O-O-O a6 7. Nf3 b5 8. Bd3
Bb7 9. a3 Nbd7 10. h4 c5 11. dxc5 Nxc5 12. Rhe1 Rc8 13. Kb1 Re8 14. e5 dxe5 15.
Bxe5 Nxd3 16. Qxd3 Qxd3 17. Rxd3 Red8 18. Red1 Rxd3 19. Rxd3 h6 20. Bxf6 Bxf6
21. g3 e6 22. Nd2 Rd8 23. Rxd8+ Bxd8 24. Nb3 Bb6 25. Nd1 f5 26. f4 Bg1 27. Na5
Ba8 28. Nc3 Bf2 29. Na2 Bxg3 30. Nb4 Bxf4 31. Nxa6 Be5 32. Nc5 f4 33. Nxe6 f3
34. Nb3 f2 35. Nd2 Bg2 36. Kc1 f1=Q+ 37. Nxf1 Bxf1 38. Kd2 Bg3 39. h5 gxh5 40.
Ke3 Bg2 41. Nf4 h4 42. Nxg2 h3 43. Kf3 h2 44. Kxg3 h1=Q 45. Ne3 Qc1 46. Ng4
Qxb2 47. Nxh6+ Kh7 48. Ng4 Qxa3+ 49. Kf4 Qc1+ 50. Ne3 b4 51. Ke4 Kg6 52. Kd3
Kg5 53. Kc4 Qxe3 54. Kxb4 Kf5 55. c4 Ke5 56. Kb5 Qc3 57. c5 Kd5 58. c6 Qxc6+
59. Kb4 Qc4+ 60. Ka5 Qb3 61. Ka6 Kc6 62. Ka5 Qb5# 0-1

[Event "DEM U10 2018"]
[Site "Willingen GER"]
[Date "2018.05.25"]
[Round "9"]
[White "Cilo, Selimhan"]
[Black "Müller, Mitja"]
[Result "1/2-1/2"]
[Termination "normal"]
[Board "20"]
[WhiteElo "1400"]
[BlackElo "1215"]
[PlyCount "51"]
[WhiteFideId "16246756"]
[BlackFideId "16265807"]
[EventCountry "GER"]
[EventRounds "11"]
[EventType "swiss"]
[EventDate "2018.05.19"]

1. e4 c5 2. Nf3 e6 3. d4 cxd4 4. Nxd4 a6 5. Nc3 Qc7 6. Bd3 Nf6 7. O-O Be7 8.
Be3 b5 9. a3 Bb7 10. Re1 h5 11. h3 Nc6 12. Nb3 O-O-O 13. Qe2 d5 14. exd5 exd5
15. Bb6 Qxb6 16. Bf5+ Kb8 17. Qf3 Nd4 18. Qf4+ Bd6 19. Qxd4 Qxd4 20. Nxd4 g6
21. Bd3 Rhe8 22. Nf3 Ne4 23. Re2 Rd7 24. Rae1 Rde7 25. Kf1 f5 26. Kg1 1/2-1/2

[Event "DEM U10 2018"]
[Site "Willingen GER"]
[Date "2018.05.25"]
[Round "9"]
[White "Burkart, Lloyd Shang"]
[Black "Klonov, Jakov"]
[Result "1/2-1/2"]
[Termination "normal"]
[Board "21"]
[WhiteElo "1254"]
[BlackElo "1264"]
[PlyCount "58"]
[WhiteFideId "16239059"]
[BlackFideId "16211928"]
[EventCountry "GER"]
[EventRounds "11"]
[EventType "swiss"]
[EventDate "2018.05.19"]

1. d4 Nf6 2. c4 g6 3. Nc3 Bg7 4. Nf3 d6 5. Bf4 O-O 6. e3 c5 7. d5 e6 8. dxe6
Bxe6 9. Bxd6 Re8 10. Bxc5 Qc7 11. Bd4 Bxc4 12. Bxc4 Qxc4 13. Qe2 Qb4 14. O-O
Nc6 15. a3 Qe7 16. Bxf6 Bxf6 17. Nd5 Qd8 18. Nxf6+ Qxf6 19. Rfd1 Re7 20. Rd2
Rc8 21. Rad1 Rcc7 22. h3 a6 23. Rd6 Re6 24. Rxe6 Qxe6 25. Nd4 Nxd4 26. Rxd4 Qf6
27. Qd2 Qc6 28. Rd8+ Kg7 29. Qd6 Qxd6 1/2-1/2

[Event "DEM U10 2018"]
[Site "Willingen GER"]
[Date "2018.05.25"]
[Round "9"]
[White "Leubner, Paul Damdin"]
[Black "Fruth, David"]
[Result "1-0"]
[Termination "normal"]
[Board "22"]
[WhiteElo "1127"]
[BlackElo "1482"]
[PlyCount "119"]
[WhiteFideId "16265858"]
[BlackFideId "16257596"]
[EventCountry "GER"]
[EventRounds "11"]
[EventType "swiss"]
[EventDate "2018.05.19"]

1. e4 e5 2. Nf3 Nf6 3. d4 Nxe4 4. dxe5 d5 5. exd6 Nxd6 6. Bf4 Nc6 7. Nc3 Bg4 8.
Qd2 Be7 9. O-O-O Qd7 10. Bb5 Bxf3 11. gxf3 a6 12. Ba4 O-O-O 13. Rhg1 g6 14.
Rge1 Nc4 15. Qxd7+ Rxd7 16. a3 Rxd1+ 17. Nxd1 b5 18. Bb3 Nd6 19. Bd5 Kd7 20.
Bxc6+ Kxc6 21. Rxe7 f5 22. Be5 Rf8 23. Rxh7 Nf7 24. Bg3 g5 25. f4 g4 26. Ne3
Nd6 27. h3 gxh3 28. Rxh3 Ne4 29. Rh5 Nd6 30. Kd2 Ne4+ 31. Ke2 Nd6 32. Kd3 Kb7
33. c4 bxc4+ 34. Nxc4 Nxc4 35. Kxc4 Rf6 36. Bh4 Rf8 37. Rh6 Re8 38. Rf6 Re4+
39. Kd3 Rxf4 40. Bg3 Rf3+ 41. Ke2 Rb3 42. Be5 Rb5 43. f4 Rb6 44. Rxb6+ cxb6 45.
Kd3 Kc6 46. Kd4 Kd7 47. Kd5 a5 48. Bb8 Ke7 49. Kc6 Ke6 50. Kxb6 Kd5 51. Kxa5
Kc4 52. b4 Kb3 53. b5 Kxa3 54. b6 Kb3 55. Be5 Ka2 56. b7 Kb3 57. b8=Q+ Kc4 58.
Qd6 Kb3 59. Qd3+ Ka2 60. Qc2+ 1-0

[Event "DEM U10 2018"]
[Site "Willingen GER"]
[Date "2018.05.25"]
[Round "9"]
[White "Schreidl, Michael"]
[Black "Fröhlich, Niklas"]
[Result "1-0"]
[Termination "normal"]
[Board "23"]
[WhiteElo "1325"]
[BlackElo "1147"]
[PlyCount "137"]
[WhiteFideId "16265750"]
[BlackFideId "16245016"]
[EventCountry "GER"]
[EventRounds "11"]
[EventType "swiss"]
[EventDate "2018.05.19"]

1. e4 c5 2. Nf3 d6 3. d4 cxd4 4. Nxd4 Nf6 5. Nc3 a6 6. f3 Qb6 7. Bc4 e6 8. Qd3
Be7 9. Be3 Nbd7 10. Nxe6 Ne5 11. Nxg7+ Kf8 12. Bxb6 Nxd3+ 13. Bxd3 Kxg7 14. Bd4
Kf8 15. Nd5 Nxd5 16. Bxh8 Nf4 17. Bd4 Nxg2+ 18. Kf2 Nf4 19. Be3 Bh4+ 20. Kg1
Ng6 21. Kf1 Ne5 22. Ke2 Be6 23. Rhg1 f6 24. Bh6+ Ke8 25. Rg7 Bf7 26. Rxh7 Ke7
27. Bf8+ Rxf8 28. Rxh4 Nxd3 29. cxd3 Rg8 30. Rg4 Rh8 31. Rh1 Bxa2 32. Rg7+ Bf7
33. h4 b5 34. h5 Ke8 35. h6 a5 36. Rgg1 a4 37. Rc1 Kd7 38. d4 d5 39. e5 fxe5
40. dxe5 b4 41. Ra1 b3 42. Rxa4 Bg6 43. Ra7+ Ke6 44. Rg7 Bh7 45. Ra1 Kxe5 46.
Raa7 Bf5 47. h7 d4 48. Rae7+ Kf6 49. Rgf7+ Kg5 50. Re5 Kg6 51. Rexf5 Re8+ 52.
Kd3 Rh8 53. Kxd4 Rxh7 54. Rxh7 Kxf5 55. Rb7 Ke6 56. Rxb3 Kd6 57. Rc3 Kd7 58. b4
Ke6 59. b5 Kd7 60. b6 Ke6 61. b7 Kf5 62. b8=Q Ke6 63. Qe8+ Kf5 64. Rc5+ Kf4 65.
Qe4+ Kg3 66. Qg4+ Kf2 67. Rc2+ Kf1 68. Qg2+ Ke1 69. Rc1# 1-0

[Event "DEM U10 2018"]
[Site "Willingen GER"]
[Date "2018.05.25"]
[Round "9"]
[White "Malchereck, Romeo"]
[Black "Rumpold, Jaron"]
[Result "0-1"]
[Termination "normal"]
[Board "24"]
[WhiteElo "1184"]
[BlackElo "1259"]
[PlyCount "48"]
[WhiteFideId "16265831"]
[BlackFideId "16265793"]
[EventCountry "GER"]
[EventRounds "11"]
[EventType "swiss"]
[EventDate "2018.05.19"]

1. c4 c5 2. Nc3 Nc6 3. g3 Nf6 4. Bg2 e6 5. e3 d5 6. cxd5 exd5 7. Nge2 Be7 8.
O-O O-O 9. d4 c4 10. Nf4 Be6 11. Nxe6 fxe6 12. Re1 Nb4 13. Bf1 Qd7 14. a3 Nc6
15. Bg2 Rad8 16. Qe2 e5 17. Rd1 e4 18. f3 exf3 19. Qxf3 Qe6 20. e4 Nxe4 21.
Nxe4 Rxf3 22. Bxf3 dxe4 23. Re1 Nxd4 24. Rxe4 Nxf3+ 0-1

[Event "DEM U10 2018"]
[Site "Willingen GER"]
[Date "2018.05.25"]
[Round "9"]
[White "Kamleiter, Noah"]
[Black "Henzgen, Pascal"]
[Result "1-0"]
[Termination "normal"]
[Board "25"]
[WhiteElo "1213"]
[BlackElo "1223"]
[PlyCount "63"]
[WhiteFideId "16265815"]
[BlackFideId "16263138"]
[EventCountry "GER"]
[EventRounds "11"]
[EventType "swiss"]
[EventDate "2018.05.19"]

1. e4 e5 2. Nf3 Nc6 3. Bb5 a6 4. Ba4 Be7 5. c3 d6 6. d4 b5 7. Bb3 Nf6 8. O-O
O-O 9. Re1 Be6 10. d5 Na5 11. dxe6 Nxb3 12. Qxb3 fxe6 13. Qxe6+ Kh8 14. Rd1 Qc8
15. Qxe7 Re8 16. Qf7 Rf8 17. Qb3 Nxe4 18. Nbd2 Nc5 19. Qc2 e4 20. Nxe4 Qf5 21.
Nd4 Qxe4 22. Qxe4 Nxe4 23. f3 Nf6 24. Bg5 Nd7 25. Ne6 Rf5 26. Nxc7 Ra7 27. Ne6
Re5 28. Re1 Rxe1+ 29. Rxe1 h6 30. Be7 d5 31. Nf4 Ne5 32. Rxe5 1-0

[Event "DEM U10 2018"]
[Site "Willingen GER"]
[Date "2018.05.25"]
[Round "9"]
[White "Toth, Luca"]
[Black "Schüller, Julian"]
[Result "1/2-1/2"]
[Termination "normal"]
[Board "27"]
[WhiteElo "1218"]
[BlackElo "1035"]
[PlyCount "50"]
[WhiteFideId "16260228"]
[BlackFideId "16265882"]
[EventCountry "GER"]
[EventRounds "11"]
[EventType "swiss"]
[EventDate "2018.05.19"]

1. e4 e6 2. d4 d5 3. Nd2 c5 4. exd5 exd5 5. Ngf3 Nc6 6. Be2 Qb6 7. dxc5 Bxc5 8.
O-O Nf6 9. Nb3 O-O 10. Nxc5 Qxc5 11. Be3 Qd6 12. Qd3 Nb4 13. Qb3 Be6 14. Bd4
Nd7 15. Qa3 Qe7 16. Bc3 Nc6 17. Qxe7 Nxe7 18. Bb4 Rfe8 19. Nd4 Nc6 20. Nxc6
bxc6 21. Rfe1 c5 {(=)} 22. Bd2 Bf5 23. Rac1 Ne5 24. Bb5 Re7 25. Bf4 f6 1/2-1/2

[Event "DEM U10 2018"]
[Site "Willingen GER"]
[Date "2018.05.25"]
[Round "9"]
[White "Mader, Fabian"]
[Black "Hubert, Nikita"]
[Result "0-1"]
[Termination "normal"]
[Board "28"]
[WhiteElo "1095"]
[BlackElo "1122"]
[PlyCount "104"]
[WhiteFideId "16265866"]
[BlackFideId "16235754"]
[EventCountry "GER"]
[EventRounds "11"]
[EventType "swiss"]
[EventDate "2018.05.19"]

1. e4 e5 2. Nf3 Nc6 3. Bc4 Bc5 4. c3 Nf6 5. d3 d6 6. Bb3 h6 7. Nbd2 O-O 8. h3
Re8 9. Nf1 Be6 10. Bc2 Ne7 11. Ng3 Ng6 12. h4 Nf4 13. Kf1 Ng4 14. d4 Bc4+ 15.
Kg1 Bb6 16. Bxf4 exf4 17. Nf5 g6 18. Nd2 gxf5 19. Nxc4 d5 20. Nxb6 axb6 21.
exf5 Nf6 22. Rh3 Qd6 23. g3 fxg3 24. Rxg3+ Kf8 25. Kf1 -- 26. Qd3 Ne4 {(=)} 27.
Re3 Qh2 28. Ke1 Qxf2+ 29. Kd1 Qg1+ 30. Re1 Nf2+ 31. Kd2 Qxe1+ 32. Rxe1 Nxd3 33.
Bxd3 Rxe1 34. Kxe1 Rxa2 35. b4 Ra1+ 36. Kf2 Rc1 37. Ke2 Rxc3 38. Kd2 Rb3 39. b5
Rb2+ 40. Ke3 Rh2 41. Kf4 Rxh4+ 42. Ke5 c6 43. bxc6 bxc6 44. Kd6 Rxd4 45. Kxc6
Rxd3 46. Kxb6 Rc3 47. f6 d4 48. Kb5 d3 49. Kb4 Rc8 50. Kb3 d2 51. Kb2 d1=Q 52.
Ka3 Qb1 0-1